00652 2200241 4500001002100000005001500021035002000036007000300056008004100059020002200100082002100122084002700143100002100170245003900191250000600230260003500236300002900271650001400300650001300314700002700327856003300354990002300387INLIS00000000000783120251211110409 a0010-1225000036ta251211 0 ind  a978-979-3628-43-1 a630:001.895(594) a630:001.895(594) AMI t0 aAMINAH, Syarifah1 a70 Teknologi Inovatif BPTP Jakarta a- aJakarta :bBPTP Jakarta,c2019 a303p. :bIlus ;c20.9 cm 4aTeknologi 4aInovatif0 aChery Soraya Ammatilah aPerpustakaan BRMP Jawa Timur a737/2025/BRMPJATIM